00905nam a2200265Ia 4500001000600000003000900006008004100015040001300056040001300069041001300082100001400095100002900109240002700138240003500165245003200200245003200232250001100264260001200275260001400287260004900301300004100350500019500391650002200586650003100608 6217IT-RoPAU130308s9999 xx 000 0 und d aIT-RoPAU cIT-RoPAU aITALIANO aPye David gCodice Aut. SPICS: 2276 aNATURE OF DESIGN (THE) gCodice Tit. Orig. Spics: T1655 a"Fondamenti del ""design""" b"Fondamenti del ""Design""" a1a ed. aBOLOGNA bCalderini c1974 [1° Ed.:1974 - Ed.Ling.Originale:1964] a"100 p. (prefazione: 10; testo: 90)" aArte e Scienza Energia invenzione e Design sei requisiti per Il Design Tecniche del Design Abilità e Utilità del Design Architettura e Design invenzione degli Oggetti Funzione e Finzione aTEORIA DEL DESIGN eCodice materia Spics: 5453